Fe, verdad y tolerancia. El cristianismo y las religiones del mundo.
Salvato in:
| Autore principale: | |
|---|---|
| Natura: | Libro |
| Lingua: | spagnolo |
| Pubblicazione: |
Salamanca, España:
Ediciones Sígueme,
2005.
|
| Edizione: | Tercera edición. |
| Serie: | Verdad e Imagen,
|
| Soggetti: | |
| Tags: |
Aggiungi Tag
Nessun Tag, puoi essere il primo ad aggiungerne!!
|
MARC
| LEADER | 00000nam a2200000 a 4500 | ||
|---|---|---|---|
| 001 | UCK8157 | ||
| 003 | CL-VaPUC | ||
| 005 | 20230804114404.0 | ||
| 008 | 060120t20050000SP |||||||||||||||||spa|d | ||
| 999 | |c 441463 |d 441461 | ||
| 020 | |a 84-301-1519-6 | ||
| 040 | |c Pontificia Universidad Católica de Valparaíso | ||
| 082 | 0 | 4 | |a 261.2 RAT 2005 |2 21 |
| 100 | |a Ratzinger, Joseph, |c Papa |e autor |9 494399 | ||
| 245 | 1 | 0 | |a Fe, verdad y tolerancia. |b El cristianismo y las religiones del mundo. |
| 250 | |a Tercera edición. | ||
| 260 | |a Salamanca, España: |b Ediciones Sígueme, |c 2005. | ||
| 300 | |a 237 páginas. | ||
| 490 | 0 | |a Verdad e Imagen, |n 163. | |
| 500 | |a c.1 Donación Sr. Jorge Precht Pizarro. 26-05-23. Biblioteca Teología. | ||
| 583 | |a last modification |c 20060120 00:00:00 |k Yessy Sthefany Diaz Vidal | ||
| 650 | 0 | |a Cristianismo |9 257361 |x Relaciones |x Otras religiones | |
| 942 | |c BK |2 ddc | ||
| 945 | |d 20060120 00:00:00 |a jtorresc | ||
| 952 | |0 0 |1 0 |2 ddc |4 0 |6 261_200000000000000_RAT_2005 |7 0 |8 A |9 591049 |a BIBTEO |b BIBTEO |c GEN |d 2023-07-31 |e Donación |i 5658169 |o 261.2 RAT 2005 |p 5658169 |r 2025-01-17 |t 1 |w 2023-07-31 |y BK |k ICR | ||